[Event "Pelotas Gaucho op"]
[Site "Pelotas"]
[Date "2023.10.13"]
[Round "3"]
[White "Escalante, Vitor Gabriel Arauj"]
[Black "Martins, Anderson Donay"]
[Result "0-1"]
[WhiteElo "1745"]
[BlackElo "2057"]
[PlyCount "58"]
[EventDate "2023.10.12"]
[EventType "swiss"]
[EventRounds "7"]
[EventCountry "BRA"]
[SourceTitle "Mega2024 Update 01"]
[Source "Chessbase"]
[SourceDate "2023.11.12"]
[SourceVersion "1"]
[SourceVersionDate "2023.11.12"]
[SourceQuality "1"]

1. e4 c5 2. Nf3 d6 3. Bb5+ Nd7 4. Nc3 Ngf6 5. 0-0 g6 6. d3 Bg7 7. Re1 0-0 8. Bxd7 Bxd7 9. Bf4 b5 10. Rb1 b4 11. Ne2 Nh5 12. Bc1 a5 13. b3 a4 14. Bb2 axb3 15. axb3 Qc7 16. Ng3 Ra2 17. Bxg7 Nxg7 18. Nd2 Rfa8 19. Nc4 Ne6 20. Ne2 Nd4 21. Nxd4 cxd4 22. Rb2 Rxb2 23. Nxb2 Qc3 24. Na4 Bxa4 25. bxa4 Rxa4 26. Qb1 Ra2 27. Rc1 Rb2 28. Qa1 Rxc2 29. Qxc3 Rxc3 0-1

[Event "Pelotas Gaucho op"]
[Site "Pelotas"]
[Date "2023.10.13"]
[Round "4"]
[White "Roschild, Jonatas Matthies"]
[Black "Escalante, Vitor Gabriel Arauj"]
[Result "0-1"]
[WhiteElo "1818"]
[BlackElo "1745"]
[PlyCount "66"]
[EventDate "2023.10.12"]
[EventType "swiss"]
[EventRounds "7"]
[EventCountry "BRA"]
[SourceTitle "Mega2024 Update 01"]
[Source "Chessbase"]
[SourceDate "2023.11.12"]
[SourceVersion "1"]
[SourceVersionDate "2023.11.12"]
[SourceQuality "1"]

1. e4 c6 2. Nc3 d5 3. exd5 cxd5 4. d4 Nc6 5. Bb5 Nf6 6. Bg5 Bf5 7. Bxf6 exf6 8. Nge2 Bb4 9. 0-0 Bxc3 10. Nxc3 0-0 11. Bxc6 bxc6 12. Na4 Rb8 13. b3 Re8 14. Qd2 Qd6 15. Rae1 Be6 16. Re3 Re7 17. Rfe1 Rbe8 18. Nc5 Qf4 19. c3 Qg5 20. g3 h5 21. f4 Qg6 22. Qg2 Kf8 23. a4 Bh3 24. Rxe7 Rxe7 25. Rxe7 Kxe7 26. Qe2+ Kf8 27. Kf2 Bg4 28. Qd3 Bf5 29. Qd2 Bg4 30. c4 Qb1 31. Ke3 dxc4 32. bxc4 Qf1 33. Nd3 Qf3# 0-1

[Event "Pelotas Gaucho op"]
[Site "Pelotas"]
[Date "2023.10.12"]
[Round "2"]
[White "Pereira, Armando Scharlau"]
[Black "Escalante, Vitor Gabriel Arauj"]
[Result "0-1"]
[WhiteElo "1535"]
[BlackElo "1745"]
[PlyCount "88"]
[EventDate "2023.10.12"]
[EventType "swiss"]
[EventRounds "7"]
[EventCountry "BRA"]
[SourceTitle "Mega2024 Update 01"]
[Source "Chessbase"]
[SourceDate "2023.11.12"]
[SourceVersion "1"]
[SourceVersionDate "2023.11.12"]
[SourceQuality "1"]

1. d4 d5 2. c4 c6 3. Nf3 Nf6 4. Bg5 e6 5. e3 Be7 6. Nc3 Nbd7 7. Rc1 0-0 8. Bd3 Re8 9. 0-0 a6 10. Qc2 Nf8 11. Ne5 Nh5 12. Bxe7 Qxe7 13. f4 Nf6 14. c5 N6d7 15. e4 f6 16. Nxd7 Bxd7 17. exd5 exd5 18. Rce1 Qxe1 19. Rxe1 Rxe1+ 20. Kf2 Re7 21. Qb3 Be6 22. a4 Bf7 23. a5 Ne6 24. Ne2 Bh5 25. f5 Bxe2 26. fxe6 Bxd3 27. Qxd3 Rxe6 28. h3 Rae8 29. Qb3 R8e7 30. Qb6 Kf7 31. Qd8 Re4 32. Qh8 h6 33. Qc8 Rxd4 34. Qf5 Rde4 35. Qh5+ Kf8 36. Qf5 R4e5 37. Qc8+ Kf7 38. Qd8 Re2+ 39. Kg1 Rxb2 40. h4 Rb5 41. h5 Rxc5 42. Qd6 Rxa5 43. Qg3 d4 44. Qb3+ Rd5 0-1

[Event "Porto Alegre op"]
[Site "Porto Alegre"]
[Date "2023.08.27"]
[Round "5"]
[White "Da Silva, Anderson Batista Br"]
[Black "Escalante, Vitor Gabriel Arauj"]
[Result "1/2-1/2"]
[WhiteElo "1669"]
[BlackElo "1829"]
[PlyCount "103"]
[EventDate "2023.08.25"]
[EventType "swiss"]
[EventRounds "5"]
[EventCountry "BRA"]
[SourceTitle "EXT 2024"]
[Source "ChessBase"]
[SourceDate "2023.10.10"]
[SourceVersion "1"]
[SourceVersionDate "2023.10.10"]
[SourceQuality "1"]

1. d4 d5 2. Nf3 Nf6 3. g3 e6 4. Bg2 Be7 5. c4 c6 6. 0-0 0-0 7. b3 Nbd7 8. Nbd2 b6 9. Bb2 Bb7 10. Rc1 Rc8 11. Qc2 Re8 12. e4 dxe4 13. Nxe4 Nxe4 14. Qxe4 Nf6 15. Qc2 Qc7 16. Qe2 c5 17. Rfd1 Red8 18. dxc5 Qxc5 19. Bd4 Qh5 20. h3 Bc5 21. g4 Bxf3 22. Qxf3 Qg5 23. Qe3 Qxe3 24. fxe3 Nd7 25. Kf2 Ba3 26. Rc2 Nc5 27. Ke2 f6 28. Bf3 Kf7 29. h4 e5 30. Bxc5 Bxc5 31. Bd5+ Ke7 32. e4 h5 33. Kf3 hxg4+ 34. Kxg4 Rh8 35. Rg2 Rh7 36. Rd3 Rch8 37. Rh3 Rh5 38. Kf3 Kf8 39. Rgh2 g5 40. Kg4 Rxh4+ 41. Rxh4 Rxh4+ 42. Rxh4 gxh4 43. Kxh4 Ke7 44. Kg4 a5 45. Kf5 Be3 46. a3 Bc1 47. a4 Bg5 48. Kg6 Kd6 49. Kf5 Kc5 50. Be6 Kd4 51. Bd5 Kc3 52. Be6 1/2-1/2

[Event "Porto Alegre op"]
[Site "Porto Alegre"]
[Date "2023.08.26"]
[Round "2"]
[White "Backes, Jorge Henrique Marx"]
[Black "Escalante, Vitor Gabriel Arauj"]
[Result "0-1"]
[WhiteElo "1900"]
[BlackElo "1829"]
[PlyCount "72"]
[EventDate "2023.08.25"]
[EventType "swiss"]
[EventRounds "5"]
[EventCountry "BRA"]
[SourceTitle "EXT 2024"]
[Source "ChessBase"]
[SourceDate "2023.10.10"]
[SourceVersion "1"]
[SourceVersionDate "2023.10.10"]
[SourceQuality "1"]

1. c4 c6 2. Nf3 d5 3. g3 Nf6 4. Bg2 e6 5. 0-0 Be7 6. d4 0-0 7. Qc2 b6 8. Rd1 Bb7 9. b3 Nbd7 10. Nc3 Rc8 11. e4 dxe4 12. Nxe4 Nxe4 13. Qxe4 Nf6 14. Qe2 Qc7 15. Bf4 Bd6 16. Bg5 Be7 17. Rd2 h6 18. Bf4 Bd6 19. Bxd6 Qxd6 20. Ne5 Rfd8 21. Rad1 Qe7 22. Qf3 Nd7 23. Qf4 Nf6 24. g4 c5 25. Bxb7 Qxb7 26. g5 hxg5 27. Qxg5 Qc7 28. f3 Rxd4 29. Rxd4 cxd4 30. Rxd4 Qc5 31. Qe3 b5 32. Kf2 Qa3 33. Qd2 bxc4 34. bxc4 Qc5 35. Qe3 Qa5 36. Qd2 Qxe5 0-1